000 00685nam a2200253Ia 4500
003 OSt
005 20220925213927.0
006 a|||||r|||| 00| 0
007 ta
008 220923b |||||||| |||| 00| 0 eng d
020 _a0826471099
037 _cGeneral Book
040 _aRTL
_cRTL
_beng
041 _2eng
_aeng
082 _aRxN49, P6
100 _aZizek Slavoj
_923619
245 0 _aUniversal exception
_b Selected writings. Vol.2
260 _aLondon
_bContinuum Press
_c2006
300 _avi, 362p
_ccm.
500 _aGlossary: p 327-353
650 _aSociology
942 _hRxN49, P6
_cGB
_2CC
999 _c564027
_d564027